| 000 | 01110nam a2200241 i 4500 | ||
|---|---|---|---|
| 001 | 133766 | ||
| 003 | ES-MaACL | ||
| 005 | 20251114063118.0 | ||
| 007 | t| | ||
| 008 | 070828s1960 sp ||||1| spa d | ||
| 100 | 1 |
_aWoolrich, Cornell, _d1903-1968 _9117365 |
|
| 245 | 1 | 0 |
_aObras escogidas / _cCornell Woolrich (William Irish) [seud.] ; prólogo de Salvador Bordoy Luque. |
| 260 |
_aMadrid : _bAguilar, _c1960. |
||
| 300 |
_a1372 p. ; _c18 cm. |
||
| 490 | 1 | _aColección "El lince". Serie "El lince astuto" | |
| 500 | _aRetr. del autor. | ||
| 505 | 8 | _aContiene: La mujer fantasma / [trad. del inglés por J. Cohen] ; No quisiera estar en sus zapatos / [trad... por V. Canoura y H. Maniglia] ; Lo que la noche revela / [trad... por Rodolfo J. Walsh] ; El plazo expira al amanecer / [trad... por José Frexas] ; Siete cantos fúnebres / [trad... por Rodolfo J. Walsh] | |
| 700 | 1 |
_aBordoy Luque, Salvador. _930424 |
|
| 700 | 1 |
_aLeón, Jacinto. _971575 |
|
| 830 | 0 |
_aColección "El lince". Serie "El lince astuto" _9219781 |
|
| 852 |
_aES-MaACL _jP-668 _bR.45794 |
||
| 999 |
_c133766 _d133766 |
||